000 00417 a2200157 4500
005 20260328152010.0
008 260328b |||||||| |||| 00| 0 eng d
020 _a9788198450166
080 _aFM
_bNIZ/A
100 _aNizar, ilthumish
245 _aAgartha(അഗർത്ത)
260 _bMankind Literature.
_aCalicut.
_c2025.
300 _a190p.
653 _aFiction-Novel-Malayalam literature
942 _cBK
999 _c115370
_d115369